Color Scheme: An Irreverent History of Art and Pop Culture in Color Palettes (Record no. 13254)

000 -LEADER
fixed length control field 00382 a2200133 4500
003 - CONTROL NUMBER IDENTIFIER
control field OSt
005 - DATE AND TIME OF LATEST TRANSACTION
control field 20250417120302.0
008 - FIXED-LENGTH DATA ELEMENTS--GENERAL INFORMATION
fixed length control field 250417b ||||| |||| 00| 0 eng d
020 ## - INTERNATIONAL STANDARD BOOK NUMBER
International Standard Book Number ‎ 9781616899929
100 ## - MAIN ENTRY--PERSONAL NAME
Personal name Edith Young
245 ## - TITLE STATEMENT
Title Color Scheme: An Irreverent History of Art and Pop Culture in Color Palettes
260 ## - PUBLICATION, DISTRIBUTION, ETC. (IMPRINT)
Name of publisher, distributor, etc Princeton Architectural Press
Date of publication, distribution, etc 2021
942 ## - ADDED ENTRY ELEMENTS (KOHA)
Source of classification or shelving scheme
Holdings
Withdrawn status Lost status Source of classification or shelving scheme Damaged status Koha normalized classification for sorting Not for loan Permanent location Current location Date acquired Source of acquisition Cost, normal purchase price Full call number Barcode Date last seen Cost, replacement price Price effective from Koha item type
        701_850000000000000   BMS College of Architecture, Design and Planning BMS College of Architecture, Design and Planning 2025-04-25 1 1633.60 701.85 AR-UG4707 2025-04-25 2178.13 2025-04-25 B.Design
Copyright © 2025, The Librarian, Library and Information Centre, BMSCA D&P, Bengaluru. All Rights Reserved
web counter

Powered by Koha